Coşkuyla akan aynı ırmakta CHP'den SHP'ye İzmir İl Başkanları (Record no. 4914)

MARC details
000 -BAŞLIK
Sabit Uzunlukta Kontrol Alanı 00941na a2200277 4500
001 - KONTROL NUMARASI
Denetim Alanı 17974
003 - KONTROL NUMARASI IDENTIFIER
Denetim Alanı MIRAKIL
005 - SON İŞLEM TARİHİ VE ZAMANI
Denetim Alanı 20181213155022.0
008 - SABİT-BOY VERİ ELEMANLARI - GENEL BİLGİLER
Sabit Uzunlukta Kontrol Alanı 161109b tu 000 0
040 ## - KATALOGLAMA KAYNAK
Orijinal Kataloglama Ajansı Milas
Kataloglama Dili tur
Metne Dönüştürmek Ajansı TR-AnCHP
041 ## - DİL KODU
Metin / Ses Parça Veya Ayrı Başlığın Dil Kodu tur
082 ## - DEWEY ONLU SINIFLANDIRMA NUMARASI
Sınıflandırma Numarası SHP 324.3
Ürün Numarası C67 1993
090 ## - SINIFLAMA NUMARASI
Sınıflama Numarası SHP 324.3 C67 1993
245 ## - BAŞLIK TABLOSU
Başlık Coşkuyla akan aynı ırmakta CHP'den SHP'ye İzmir İl Başkanları
Sorumluluk Tablosu, Vb SHP İzmir İl Başkanlığı
246 ## - UNVAN FORM VARYING
Başlık Doğru / Kısa Başlığı İzmir İl Başkanları
246 ## - UNVAN FORM VARYING
Başlık Doğru / Kısa Başlığı CHP'den SHP'ye İzmir İl Başkanları
260 ## - YAYIN, DAĞITIM, VB
Yayın, Dağıtım, Vb Yeri [İzmir]
Yayıncı, Dağıtıcı, Vs Adı SHP İzmir İl Başkanlığı
Yayın, Dağıtım, Vb Tarihi 1993
300 ## - FİZİKSEL TANIM
Kapsam 111 s.
Diğer Fiziksel Ayrıntıları fotg.
Boyutlar 24 sm.
490 ## - SERİSİ TABLOSU
Seri Beyanı Sosyaldemokrat Halkçı Parti (SHP) yayınları
610 ## - KONU KATMA GİRİŞ - TOPLANTI ADI
Giriş Elemanı Olarak Kurumsal Ad Veya Yargı Alanı Adı SHP
Genel Alt Bölüm İl başkanları
Kronolojik Alt Bölüm Tarih
Coğrafi Alt Bölüm İzmir
610 ## - KONU KATMA GİRİŞ - TOPLANTI ADI
Giriş Elemanı Olarak Kurumsal Ad Veya Yargı Alanı Adı CHP
Genel Alt Bölüm İl başkanları
Kronolojik Alt Bölüm Tarih
Coğrafi Alt Bölüm İzmir
710 ## - KATMA GİRİŞ - KURUMSAL ADI
Giriş Elemanı Olarak Kurumsal Ad Veya Yargı Alanı Adı SHP
Alt Birim İzmir İl Başkanlığı
740 ## - KATMA GİRİŞ - KONTROLSUZ İLGİLİ / ANALİTİK BAŞLIK
Kontrol Edilmeyen / İlgili Analitik Başlıktaki CHP'den SHP'ye İzmir İl Başkanları
830 ## - SERİSİ EKLENDİ GİRİŞ - ÜNİFORM ADI
Üniforma Başlık SHP yayınları
942 ## - EKLENDİ GİRİŞ ELEMANLARI (KOHA)
Sınıflandırma Veya Raf Düzeni Kaynak
Koha Öğesi Türü Books
999 ## - SİSTEM KONTROL NUMARALARI (KOHA)
Koha Biblionumber 4914
Koha Biblioitemnumber 4914
Holdings
Kalıcı Konum Mevcut Konum Edinme Tarihi Edinim Kaynak Toplam Check-Out'Lar Tam Çağrı Numarası Barkod Tarih Son Görülme İtibaren Geçerli Fiyatlar Koha Öğesi Türü Kopya Sayısı
CHP Kütüphanesi CHP Kütüphanesi 11/09/2016 Bağış   SHP 324.3 C67 1993 009278 11/09/2016 11/09/2016 Books  
CHP Kütüphanesi CHP Kütüphanesi 11/09/2016 Bağış   SHP 324.3 C67 1993 009279 11/09/2016 11/09/2016 Books k.2